000
00324pab a2200133 454500
008
180718b1996 xxu||||| |||| 00| 0 eng d
245
_a
SPECIAL issue on global effort for conquest of AIDS
260
_c
1996
300
_a
p.3-38
362
_a
Dec
650
_a
Health services
773
_a
Social Welfare
909
_a
32982
999
_c
32982
_d
32982